Ratnavali o El collar de perlas / (Record no. 50002)

MARC details
000 -LEADER
campo de control de longitud fija 00944nam a2200229 i 4500
001 - NÚMERO DE CONTROL
campo de control 50002
003 - IDENTIFICADOR DE NÚMERO DE CONTROL
campo de control ES-MaACL
005 - FECHA Y HORA DE LA ÚLTIMA TRANSACCIÓN
campo de control 20230906162111.0
007 - CAMPO FIJO DE DESCRIPCIÓN FÍSICA--INFORMACIÓN GENERAL
campo de control de longitud fija t|
008 - DATOS DE LONGITUD FIJA--INFORMACIÓN GENERAL
campo de control de longitud fija 030728s1934 sp ||||1| spa d
100 1# - ENTRADA PRINCIPAL--NOMBRE DE PERSONA
Nombre de persona Cri Harsa.
9 (RLIN) 41589
245 10 - MENCIÓN DEL TÍTULO
Título Ratnavali o El collar de perlas /
Mención de responsabilidad, etc. por Cri Harsa ; comedia traducida directamente del sánscrito y pácritos por Pedro Urbano González de la Calle ; precede una introducción al estudio de la dramática de la India Antigua por Mario Daza de Campos.
260 ## - PUBLICACIÓN, DISTRIBUCIÓN, ETC.
Lugar de publicación, distribución, etc. Madrid :
Nombre del editor, distribuidor, etc. Victoriano Suárez,
Fecha de publicación, distribución, etc. 1934 (
Fabricante Imp. Góngora)
300 ## - DESCRIPCIÓN FÍSICA
Extensión 426 p. ;
Dimensiones 16 cm.
490 1# - MENCIÓN DE SERIE
Mención de serie Biblioteca española de divulgación científica
700 1# - ENTRADA AGREGADA--NOMBRE PERSONAL
Nombre de persona González de la Calle, Pedro Urbano.
9 (RLIN) 58548
700 1# - ENTRADA AGREGADA--NOMBRE PERSONAL
Nombre de persona Daza de Campos, Mario.
9 (RLIN) 43029
740 3# - ENTRADA AGREGADA--TÍTULO RELACIONADO/ANALÍTICO NO CONTROLADO
Título relacionado o analítico no controlado El collar de perlas.
830 0# - PUNTO DE ACCESO ADICIONAL DE SERIE-TÍTULO UNIFORME
Título uniforme Biblioteca española de divulgación científica
9 (RLIN) 182306
852 ## - LOCALIZACIÓN
Ubicación ES-MaACL
Número de control de estantería B-13281
Holdings
Estatus retirado Estado de pérdida Estado de daño No para préstamo Biblioteca de origen Biblioteca actual Ubicación en estantería Fecha de adquisición Fuente de adquisición Total de préstamos Signatura topográfica completa Código de barras Visto por última vez Precio de reemplazo Tipo de ítem Koha
        Biblioteca del Ateneo de Madrid Biblioteca del Ateneo de Madrid Sala Pardo Bazán 17/01/2008     B-13281 1052603 23/02/2023 23/02/2023 Libro impreso